[Event "Anogia Tal Memorial 2nd"]
[Site "Anogia"]
[Date "2019.09.19"]
[Round "9"]
[White "Peng, Li Min"]
[Black "Logothetis, Sotirios"]
[Result "1-0"]
[WhiteElo "2465"]
[BlackElo "2167"]
[PlyCount "53"]
[EventDate "2019.09.11"]
[EventType "tourn"]
[EventRounds "9"]
[EventCountry "GRE"]
[EventCategory "2"]
[SourceTitle "EXT 2020"]
[Source "ChessBase"]
[SourceDate "2019.10.17"]
[SourceVersion "1"]
[SourceVersionDate "2019.10.17"]
[SourceQuality "1"]

1. e4 c6 2. d4 d5 3. e5 Bf5 4. h4 h6 5. g4 Bd7 6. h5 e6 7. Nd2 c5 8. dxc5 Bxc5 9. Nb3 Bb6 10. f4 Nc6 11. Nf3 Nge7 12. c3 Qc7 13. Bd3 a6 14. Qe2 f6 15. Be3 Bxe3 16. Qxe3 fxe5 17. fxe5 Rf8 18. 0-0 0-0-0 19. Rae1 Rf7 20. Nfd4 Rxf1+ 21. Bxf1 Rf8 22. Nc5 Nxe5 23. Ncxe6 Bxe6 24. Nxe6 Nxg4 25. Nxc7 Nxe3 26. Rxe3 Nf5 27. Bh3 1-0

[Event "Anogia Tal Memorial 2nd"]
[Site "Anogia"]
[Date "2019.09.14"]
[Round "4"]
[White "Logothetis, Sotirios"]
[Black "Bogdanov, Egor"]
[Result "0-1"]
[WhiteElo "2167"]
[BlackElo "2422"]
[PlyCount "62"]
[EventDate "2019.09.11"]
[EventType "tourn"]
[EventRounds "9"]
[EventCountry "GRE"]
[EventCategory "2"]
[SourceTitle "EXT 2020"]
[Source "ChessBase"]
[SourceDate "2019.10.17"]
[SourceVersion "1"]
[SourceVersionDate "2019.10.17"]
[SourceQuality "1"]

1. d4 Nf6 2. Nf3 g6 3. c4 Bg7 4. g3 0-0 5. Bg2 d6 6. Nc3 Nc6 7. 0-0 Bf5 8. Bg5 Ne4 9. Nxe4 Bxe4 10. d5 Bxf3 11. exf3 Nd4 12. Re1 Re8 13. Re4 c5 14. dxc6 Nxc6 15. h4 Qa5 16. Qd2 Qxd2 17. Bxd2 Bxb2 18. Rb1 Bf6 19. Rxb7 Rab8 20. Rc7 Rec8 21. Rxc8+ Rxc8 22. f4 Nd4 23. Be3 Ne2+ 24. Kf1 Nc3 25. Bxa7 Nxe4 26. Bxe4 Rxc4 27. Bd5 Rc2 28. Bb3 Rb2 29. Be3 e6 30. Ke1 d5 31. Bc1 Bc3+ 0-1

[Event "Agios Nikolaos op 3rd"]
[Site "Agios Ioannis"]
[Date "2019.08.31"]
[Round "7"]
[White "Aggeletos, Marios"]
[Black "Logothetis, Sotirios"]
[Result "1/2-1/2"]
[WhiteElo "1746"]
[BlackElo "2167"]
[PlyCount "206"]
[EventDate "2019.08.26"]
[EventType "swiss"]
[EventRounds "9"]
[EventCountry "GRE"]
[SourceTitle "EXT 2020"]
[Source "ChessBase"]
[SourceDate "2019.10.17"]
[SourceVersion "1"]
[SourceVersionDate "2019.10.17"]
[SourceQuality "1"]

1. d4 Nf6 2. c4 e6 3. Nf3 d5 4. g3 Bb4+ 5. Bd2 Bd6 6. Bg2 0-0 7. 0-0 c6 8. c5 Bc7 9. Bf4 b6 10. b4 Bxf4 11. gxf4 a5 12. cxb6 axb4 13. Nbd2 Qxb6 14. Qc2 Ba6 15. Nb3 Nbd7 16. Ne5 Nxe5 17. fxe5 Nd7 18. Rfc1 Rfc8 19. e3 Bc4 20. Rab1 Qb5 21. Rb2 Nb6 22. Nc5 Na4 23. Nxa4 Rxa4 24. Qd2 Rca8 25. Rcc2 Rb8 26. Bf3 h6 27. Bh5 Ra3 28. Be2 Bxe2 29. Qxe2 Qxe2 30. Rxe2 Rc3 31. Re1 Rb5 32. Reb1 Rc4 33. Kg2 Kf8 34. Kf3 Ke7 35. h4 h5 36. Kg3 Kd7 37. f4 Kc7 38. Kf2 Kb6 39. Ke2 Ka5 40. Kd3 Ka4 41. Rb3 Ka5 42. Rg1 g6 43. Rgb1 Ka4 44. Kd2 Rc3 45. R1b2 Rc4 46. Rb1 Ka5 47. Kd3 Kb6 48. Kd2 Kc7 49. R3b2 Ra5 50. Ke2 Ra4 51. a3 Rxa3 52. Rxb4 Rxb4 53. Rxb4 Ra1 54. Kf3 Ra5 55. Rb3 c5 56. dxc5 Rxc5 57. Ra3 Rb5 58. Ra7+ Rb7 59. Ra3 Kd7 60. Kg3 Ke7 61. Ra8 Rb3 62. Ra7+ Kf8 63. Kf2 d4 64. exd4 Rh3 65. Ra1 Kg7 66. Rd1 Rxh4 67. Kg3 Rg4+ 68. Kf3 Kf8 69. d5 exd5 70. Rxd5 Rg1 71. Kf2 Ra1 72. Kg3 Ra4 73. Rd6 Kg7 74. Rf6 Ra3+ 75. Kh4 Re3 76. Kg5 Re1 77. Kh4 Re4 78. Kg3 Ra4 79. Kh3 Ra7 80. Kg3 Re7 81. Ra6 Re6 82. Ra7 g5 83. Ra5 Kg6 84. Ra7 gxf4+ 85. Kxf4 Rb6 86. Kg3 Rb3+ 87. Kh4 Rb4+ 88. Kh3 Re4 89. Re7 Re3+ 90. Kg2 h4 91. Kf2 h3 92. Kg1 Re2 93. Kh1 Kg7 94. Re8 h2 95. Ra8 Rxe5 96. Kxh2 Re3 97. Kg2 Kg6 98. Kf2 Rb3 99. Ra4 Kg5 100. Rc4 Ra3 101. Rb4 f5 102. Rc4 f4 103. Rc8 Ra2+ 1/2-1/2

[Event "Agios Nikolaos op 3rd"]
[Site "Agios Ioannis"]
[Date "2019.08.27"]
[Round "3"]
[White "Logothetis, Sotirios"]
[Black "Katopodis, Dimitrios"]
[Result "0-1"]
[WhiteElo "2167"]
[BlackElo "2281"]
[PlyCount "46"]
[EventDate "2019.08.26"]
[EventType "swiss"]
[EventRounds "9"]
[EventCountry "GRE"]
[SourceTitle "EXT 2020"]
[Source "ChessBase"]
[SourceDate "2019.10.17"]
[SourceVersion "1"]
[SourceVersionDate "2019.10.17"]
[SourceQuality "1"]

1. Nf3 Nf6 2. c4 e6 3. g3 d5 4. d4 Bb4+ 5. Bd2 Be7 6. Bg2 0-0 7. 0-0 c6 8. Qc2 b6 9. Rc1 Bb7 10. b4 dxc4 11. e4 b5 12. Bc3 a5 13. bxa5 b4 14. Be1 c3 15. Nxc3 bxc3 16. Bxc3 c5 17. dxc5 Bxe4 18. Qe2 Bd5 19. Rab1 Ne4 20. Bb4 Nc6 21. a3 Bf6 22. h4 Nxb4 23. Rxb4 Nc3 0-1

[Event "Agios Nikolaos op 3rd"]
[Site "Agios Ioannis"]
[Date "2019.08.26"]
[Round "1"]
[White "Kotsinis, Vasileios"]
[Black "Logothetis, Sotirios"]
[Result "0-1"]
[WhiteElo "1082"]
[BlackElo "2167"]
[PlyCount "52"]
[EventDate "2019.08.26"]
[EventType "swiss"]
[EventRounds "9"]
[EventCountry "GRE"]
[SourceTitle "EXT 2020"]
[Source "ChessBase"]
[SourceDate "2019.10.17"]
[SourceVersion "1"]
[SourceVersionDate "2019.10.17"]
[SourceQuality "1"]

1. e4 c5 2. Nf3 Nc6 3. Nc3 g6 4. Bb5 Bg7 5. Bxc6 bxc6 6. d3 e5 7. Be3 d6 8. h3 f5 9. g3 Nf6 10. Qd2 0-0 11. Bg5 Be6 12. exf5 Bxf5 13. g4 Be6 14. Ne4 Qc7 15. Bxf6 Bxf6 16. Nfg5 Bd7 17. Rf1 Be7 18. f4 d5 19. Nxh7 Kxh7 20. Ng5+ Bxg5 21. fxg5 Rxf1+ 22. Kxf1 Rf8+ 23. Kg2 Be6 24. Qe1 d4 25. Qh4+ Kg8 26. Kg1 Qf7 0-1

[Event "Gibraltar Masters 17th"]
[Site "Caleta"]
[Date "2019.01.27"]
[Round "6"]
[White "Logothetis, Sotirios"]
[Black "Cramling Bellon, Anna"]
[Result "0-1"]
[WhiteElo "2210"]
[BlackElo "2025"]
[PlyCount "46"]
[EventDate "2019.01.22"]
[EventType "swiss"]
[EventRounds "10"]
[EventCountry "GGB"]
[SourceTitle "CBM 188 Extra"]
[Source "ChessBase"]
[SourceDate "2019.02.26"]
[SourceVersion "1"]
[SourceVersionDate "2019.02.26"]
[SourceQuality "1"]

1. c4 c5 2. Nf3 Nc6 3. d4 cxd4 4. Nxd4 e6 5. g3 Nf6 6. Bg2 Bb4+ 7. Nc3 0-0 8. 0-0 Qb6 9. Nb3 Bxc3 10. bxc3 d5 11. cxd5 Nxd5 12. c4 Nde7 13. c5 Qa6 14. Bb2 Rd8 15. Qc2 e5 16. Rfd1 Be6 17. Rd6 Nf5 18. Rxd8+ Rxd8 19. Bxc6 Qxc6 20. Bxe5 f6 21. Bb2 Qa4 22. Bc3 Ne7 23. Nd4 Rxd4 0-1

[Event "Gibraltar Masters 17th"]
[Site "Caleta"]
[Date "2019.01.22"]
[Round "1"]
[White "Puranik, Abhimanyu Sameer"]
[Black "Logothetis, Sotirios"]
[Result "1-0"]
[WhiteElo "2536"]
[BlackElo "2210"]
[PlyCount "63"]
[EventDate "2019.01.22"]
[EventType "swiss"]
[EventRounds "10"]
[EventCountry "GGB"]
[SourceTitle "CBM 188 Extra"]
[Source "ChessBase"]
[SourceDate "2019.02.26"]
[SourceVersion "1"]
[SourceVersionDate "2019.02.26"]
[SourceQuality "1"]

1. Nf3 Nf6 2. g3 d5 3. Bg2 e6 4. 0-0 Be7 5. d3 0-0 6. Nbd2 c5 7. e4 Nc6 8. Re1 b5 9. e5 Nd7 10. Nf1 Qc7 11. Bf4 Bb7 12. h4 Rfc8 13. N1h2 Qd8 14. Ng5 h6 15. Ngf3 b4 16. Qd2 a5 17. Ng4 Bf8 18. h5 a4 19. a3 bxa3 20. bxa3 Rab8 21. c4 Na5 22. Rad1 Nb3 23. Qe2 Nb6 24. Rb1 Bc6 25. Ne3 Nd4 26. Nxd4 cxd4 27. Nxd5 Nxd5 28. cxd5 Rxb1 29. Rxb1 exd5 30. e6 f6 31. Bh3 Be7 32. Bf5 1-0

[Event "GRE-chT 44th"]
[Site "Achaia"]
[Date "2016.07.09"]
[Round "6.9"]
[White "Kyriakides, Thrasos"]
[Black "Logothetis, Sotirios"]
[Result "1-0"]
[WhiteElo "2101"]
[BlackElo "2225"]
[PlyCount "49"]
[EventDate "2016.07.05"]
[EventType "team-swiss"]
[EventRounds "7"]
[EventCountry "GRE"]
[SourceTitle "CBM 173 Extra"]
[Source "ChessBase"]
[SourceDate "2016.08.29"]
[SourceVersion "1"]
[SourceVersionDate "2016.08.29"]
[SourceQuality "1"]
[WhiteTeam "Alexandroupolis Ethnikos"]
[BlackTeam "Chania Kaissa"]
[WhiteTeamCountry "GRE"]
[BlackTeamCountry "GRE"]

1. d4 Nf6 2. Nf3 d5 3. Bf4 c5 4. e3 Nc6 5. Nbd2 Qb6 6. dxc5 Qxb2 7. Rb1 Qc3 8. Bb5 Ne4 9. 0-0 f6 10. Nxe4 dxe4 11. Qd5 Bd7 12. Rfd1 Rd8 13. Nd4 Qa5 14. Nxc6 bxc6 15. Bxc6 Bxc6 16. Qxc6+ Kf7 17. Rxd8 Qxd8 18. Qb7 g5 19. c6 Bg7 20. Bg3 f5 21. h4 h6 22. Qxa7 gxh4 23. Bxh4 Be5 24. Bxe7 Qa8 25. Qd7 1-0

[Event "GRE-chT 44th"]
[Site "Achaia"]
[Date "2016.07.06"]
[Round "3.9"]
[White "Logothetis, Sotirios"]
[Black "Tsagaropoulos, Spyridon"]
[Result "1-0"]
[WhiteElo "2225"]
[BlackElo "2109"]
[PlyCount "97"]
[EventDate "2016.07.05"]
[EventType "team-swiss"]
[EventRounds "7"]
[EventCountry "GRE"]
[SourceTitle "CBM 173 Extra"]
[Source "ChessBase"]
[SourceDate "2016.08.29"]
[SourceVersion "1"]
[SourceVersionDate "2016.08.29"]
[SourceQuality "1"]
[WhiteTeam "Chania Kaissa"]
[BlackTeam "Egaleo CN"]
[WhiteTeamCountry "GRE"]
[BlackTeamCountry "GRE"]

1. Nf3 Nf6 2. c4 e6 3. g3 d5 4. Bg2 Be7 5. d4 0-0 6. 0-0 b6 7. Nc3 Bb7 8. Ne5 Nbd7 9. Qa4 Nxe5 10. dxe5 Ne4 11. Nxe4 dxe4 12. Rd1 Qe8 13. Qxe8 Rfxe8 14. Be3 Red8 15. Kf1 f5 16. exf6 Bxf6 17. Rab1 Bxb2 18. Bh3 Bf6 19. Bxe6+ Kf8 20. Bf4 Rxd1+ 21. Rxd1 Rd8 22. Rxd8+ Bxd8 23. Ke1 Ke7 24. Bg8 h6 25. Kd2 Kf6 26. g4 g5 27. Bg3 Bc8 28. h3 c6 29. Bh7 Be6 30. Kc3 b5 31. c5 Bxa2 32. Bxe4 Ba5+ 33. Kd4 Bc4 34. e3 Bf1 35. Bxc6 Bxh3 36. f3 Ke7 37. Bxb5 Bg2 38. Be2 Ke6 39. c6 Bb6+ 40. Kc3 h5 41. c7 Bxc7 42. Bxc7 hxg4 43. fxg4 Kd5 44. Bd8 Ke4 45. Bxg5 Bf3 46. Bxf3+ Kxf3 47. Bd8 Kxg4 48. Kd4 Kf5 49. Kd5 1-0

[Event "Heraklion op 16th"]
[Site "Heraklion"]
[Date "2016.01.07"]
[Round "6"]
[White "Petrakis, Stylianos"]
[Black "Logothetis, Sotirios"]
[Result "0-1"]
[WhiteElo "1983"]
[BlackElo "2225"]
[PlyCount "74"]
[EventDate "2016.01.03"]
[EventType "swiss"]
[EventRounds "9"]
[EventCountry "GRE"]
[SourceTitle "EXT 2024"]
[Source "ChessBase"]
[SourceDate "2023.10.10"]
[SourceVersion "1"]
[SourceVersionDate "2023.10.10"]
[SourceQuality "1"]

1. e4 c5 2. Nf3 e6 3. d4 cxd4 4. Nxd4 a6 5. Bd3 Nf6 6. 0-0 Qc7 7. Nc3 Nc6 8. Nb3 b5 9. f4 d6 10. Be3 Be7 11. Kh1 Bb7 12. a4 b4 13. Ne2 0-0 14. Bg1 e5 15. f5 Na5 16. Nd2 d5 17. exd5 Bxd5 18. Ng3 Nc4 19. Ne2 Na5 20. Ng3 Nc4 21. Bxc4 Bxc4 22. Nxc4 Qxc4 23. Re1 Rfd8 24. Qe2 Qxe2 25. Rxe2 Rd5 26. Rae1 Bd6 27. Be3 Rc8 28. Bg5 Nd7 29. Ne4 f6 30. Bd2 Rxc2 31. Nxd6 Rdxd2 32. Rxd2 Rxd2 33. Nc4 Rc2 34. b3 Nc5 35. Na5 Nd3 36. Rf1 e4 37. Nc4 Rxc4 0-1

[Event "Heraklion op 16th"]
[Site "Heraklion"]
[Date "2016.01.03"]
[Round "1"]
[White "Logothetis, Sotirios"]
[Black "Fragiadakis, Nikolaos"]
[Result "1-0"]
[WhiteElo "2225"]
[BlackElo "1185"]
[PlyCount "39"]
[EventDate "2016.01.03"]
[EventType "swiss"]
[EventRounds "9"]
[EventCountry "GRE"]
[SourceTitle "EXT 2024"]
[Source "ChessBase"]
[SourceDate "2023.10.10"]
[SourceVersion "1"]
[SourceVersionDate "2023.10.10"]
[SourceQuality "1"]

1. Nf3 d5 2. c4 e6 3. g3 Nf6 4. Bg2 Nc6 5. d4 Bb4+ 6. Bd2 Be7 7. Qc2 0-0 8. 0-0 Bd7 9. Rd1 b6 10. a3 a5 11. Bf4 Bd6 12. Ne5 h6 13. cxd5 Bxe5 14. dxc6 Bxf4 15. cxd7 Bd6 16. Bxa8 Qxa8 17. Nc3 Nxd7 18. Nb5 Qb7 19. Rac1 Rc8 20. Nxd6 1-0

[Event "GRE-chT 43rd"]
[Site "Porto Rio"]
[Date "2015.10.11"]
[Round "6.7"]
[White "Kordis, Konstantinos"]
[Black "Logothetis, Sotirios"]
[Result "1/2-1/2"]
[WhiteElo "2179"]
[BlackElo "2236"]
[PlyCount "88"]
[EventDate "2015.10.08"]
[EventType "team-swiss"]
[EventRounds "7"]
[EventCountry "GRE"]
[SourceTitle "CBM 168 Extra"]
[Source "ChessBase"]
[SourceDate "2015.10.29"]
[SourceVersion "1"]
[SourceVersionDate "2015.10.29"]
[SourceQuality "1"]
[WhiteTeam "Glyfadas Zenon"]
[BlackTeam "Chania Kaissa"]
[WhiteTeamCountry "GRE"]
[BlackTeamCountry "GRE"]

1. e4 c6 2. Ne2 d5 3. e5 d4 4. Ng3 Qd5 5. f4 g5 6. fxg5 Qxe5+ 7. Be2 Bg4 8. 0-0 Bxe2 9. Nxe2 h6 10. g6 Nf6 11. gxf7+ Kxf7 12. Ng3 Ke8 13. d3 Nd5 14. Nd2 Ne3 15. Nf3 Nxd1 16. Nxe5 Ne3 17. Bxe3 dxe3 18. Ng6 Rg8 19. Rxf8+ Rxf8 20. Nxf8 Kxf8 21. Re1 e6 22. Rxe3 Kf7 23. Ne4 Nd7 24. b3 b6 25. d4 Rg8 26. h3 Ke7 27. Rg3 Rxg3 28. Nxg3 c5 29. dxc5 Nxc5 30. Kf2 Kf6 31. Ke3 Ke5 32. Ne2 Na6 33. Nd4 Nb4 34. c4 Nxa2 35. Nc6+ Kd6 36. Nxa7 Kc5 37. g4 Nc1 38. Nc8 Nxb3 39. h4 Na5 40. g5 hxg5 41. hxg5 Nxc4+ 42. Kf4 Nd6 43. Nxb6 Kxb6 44. Ke5 Nf7+ 1/2-1/2

[Event "GRE-chT 43rd"]
[Site "Porto Rio"]
[Date "2015.10.10"]
[Round "4.8"]
[White "Papasimakopoulos, Alexandros"]
[Black "Logothetis, Sotirios"]
[Result "1-0"]
[WhiteElo "2199"]
[BlackElo "2236"]
[PlyCount "77"]
[EventDate "2015.10.08"]
[EventType "team-swiss"]
[EventRounds "7"]
[EventCountry "GRE"]
[SourceTitle "CBM 168 Extra"]
[Source "ChessBase"]
[SourceDate "2015.10.29"]
[SourceVersion "1"]
[SourceVersionDate "2015.10.29"]
[SourceQuality "1"]
[WhiteTeam "Papagou"]
[BlackTeam "Chania Kaissa"]
[WhiteTeamCountry "GRE"]
[BlackTeamCountry "GRE"]

1. c4 e5 2. Nc3 Nf6 3. g3 Bb4 4. Bg2 0-0 5. Qb3 a5 6. a3 Bxc3 7. Qxc3 Re8 8. b4 axb4 9. axb4 Rxa1 10. Qxa1 Nc6 11. b5 Nd4 12. Qa2 c6 13. bxc6 bxc6 14. e3 Qe7 15. d3 Qb4+ 16. Bd2 Qb3 17. Qxb3 Nxb3 18. Bc3 d5 19. Nf3 d4 20. Bb2 Nc5 21. Ke2 Na4 22. Ba3 c5 23. Ng5 Bd7 24. Kd2 Rb8 25. Ne4 Nxe4+ 26. Bxe4 Rb3 27. Ra1 f5 28. Bd5+ Kf8 29. exd4 exd4 30. Bf3 Rb8 31. Bd1 Rc8 32. Bxa4 Bxa4 33. Bxc5+ Rxc5 34. Rxa4 f4 35. Ra8+ Ke7 36. Ra7+ Kf6 37. Rd7 Ra5 38. Rxd4 Ra2+ 39. Ke1 1-0

[Event "GRE-chT 42nd"]
[Site "Porto Rio"]
[Date "2014.06.28"]
[Round "1.2"]
[White "Mouroutis, Konstantinos"]
[Black "Logothetis, Sotirios"]
[Result "0-1"]
[WhiteElo "2209"]
[BlackElo "2212"]
[PlyCount "84"]
[EventDate "2014.06.28"]
[EventType "team-swiss"]
[EventRounds "7"]
[EventCountry "GRE"]
[SourceTitle "CBM 161 Extra"]
[Source "ChessBase"]
[SourceDate "2014.08.29"]
[SourceVersion "1"]
[SourceVersionDate "2014.08.29"]
[SourceQuality "1"]
[WhiteTeam "Ikarias Tzelepis"]
[BlackTeam "Chess Spring"]
[WhiteTeamCountry "GRE"]
[BlackTeamCountry "GRE"]

1. d4 Nf6 2. Nc3 d5 3. f3 e6 4. e4 c5 5. Bg5 cxd4 6. Qxd4 Nc6 7. Bb5 dxe4 8. Qxd8+ Kxd8 9. 0-0-0+ Bd7 10. fxe4 Be7 11. Nf3 Ng4 12. Bxc6 bxc6 13. Rd2 Ke8 14. Rhd1 Rd8 15. Bf4 e5 16. Bg3 f6 17. Rd3 Be6 18. h3 Nh6 19. Rxd8+ Bxd8 20. Bf2 Bb6 21. Bxb6 axb6 22. Na4 b5 23. Nc5 Ke7 24. b3 Nf7 25. Kb2 g5 26. c4 bxc4 27. b4 Rg8 28. g4 h5 29. Nxe6 Kxe6 30. gxh5 Nd6 31. Nd2 Rh8 32. Re1 Rxh5 33. Re3 Rh4 34. a4 Kd7 35. Kc3 Rf4 36. Re2 f5 37. exf5 Nxf5 38. Re1 Kd6 39. Rg1 Rh4 40. Rxg5 Rxh3+ 41. Kc2 Nd4+ 42. Kb1 c3 0-1

[Event "GRE-chT 41st"]
[Site "Achaia"]
[Date "2013.07.04"]
[Round "4.3"]
[White "Logothetis, Sotirios"]
[Black "Rozakis, Dimitrios"]
[Result "0-1"]
[WhiteElo "2206"]
[BlackElo "2076"]
[PlyCount "86"]
[EventDate "2013.07.02"]
[EventType "team-swiss"]
[EventRounds "7"]
[EventCountry "GRE"]
[SourceTitle "CBM 155 Extra"]
[Source "ChessBase"]
[SourceDate "2013.08.26"]
[SourceVersion "1"]
[SourceVersionDate "2013.08.26"]
[SourceQuality "1"]
[WhiteTeam "Chess Spring"]
[BlackTeam "Ikarias Tzelepis"]
[WhiteTeamCountry "GRE"]
[BlackTeamCountry "GRE"]

1. d4 d5 2. Nf3 c6 3. c4 e6 4. g3 f5 5. Bg2 Nf6 6. 0-0 Bd6 7. Nc3 0-0 8. Qc2 Ne4 9. Rb1 Qe8 10. b4 b5 11. c5 Bc7 12. a4 Nxc3 13. Qxc3 bxa4 14. Bf4 Bxf4 15. gxf4 Ba6 16. Rfe1 Nd7 17. Ne5 Nxe5 18. fxe5 Bb5 19. e3 Qd8 20. Bf1 a6 21. Ra1 Qh4 22. f4 Kh8 23. Ra2 g5 24. fxg5 Rg8 25. Rg2 Rxg5 26. Qd2 Rag8 27. Qf2 Qh5 28. Rxg5 Rxg5+ 29. Bg2 Qg6 30. Kh1 Bd3 31. Bf3 Qg7 32. Ra1 Bb5 33. Bd1 Qh6 34. Bxa4 Bd3 35. Bd1 Be4+ 36. Bf3 Qh4 37. Rf1 Qxf2 38. Rxf2 Bd3 39. Rg2 h6 40. h4 Rxg2 41. Kxg2 Be4 42. Kg3 Bxf3 43. Kxf3 Kg7 0-1

[Event "EU Union-ch 4th"]
[Site "Liverpool"]
[Date "2008.09.16"]
[Round "8"]
[White "Arkell, Keith C"]
[Black "Logothetis, Sotirios"]
[Result "1/2-1/2"]
[WhiteElo "2506"]
[BlackElo "2318"]
[PlyCount "133"]
[EventDate "2008.09.09"]
[EventType "swiss"]
[EventRounds "10"]
[EventCountry "ENG"]
[SourceTitle "CBM 126 Extra"]
[Source "ChessBase"]
[SourceDate "2008.11.05"]
[SourceVersion "1"]
[SourceVersionDate "2008.11.05"]
[SourceQuality "1"]

1. d4 Nf6 2. Nf3 d5 3. c4 e6 4. cxd5 exd5 5. Nc3 c6 6. Bg5 h6 7. Bh4 Bf5 8. e3 Nbd7 9. Bd3 Bxd3 10. Qxd3 Bd6 11. 0-0 0-0 12. Rab1 a5 13. Qc2 Re8 14. a3 Qe7 15. Rfe1 Qe6 16. Bg3 Bxg3 17. hxg3 Ne4 18. Nxe4 Qxe4 19. Rec1 Qxc2 20. Rxc2 Nb6 21. Ne5 f6 22. Nd3 Nc4 23. a4 Re7 24. Rc3 Kf7 25. b3 Nd6 26. b4 Ne4 27. Rc2 axb4 28. Rxb4 Ra7 29. Rcb2 Nd6 30. Rb1 h5 31. Nc5 g5 32. Kf1 Ne4 33. Nxe4 dxe4 34. Ke2 Kg6 35. Kd2 g4 36. Kc3 Rd7 37. Rc4 Rd5 38. Rb6 Rf5 39. Rb2 Rd5 40. Rcb4 Rd7 41. Kb3 Rd5 42. Ka3 Rda5 43. Rc2 Rd5 44. Rc5 Rf5 45. Rb2 b5 46. Rxc6 Rxa4+ 47. Kb3 Ra1 48. Rc5 Rg1 49. Rd2 Rb1+ 50. Kc3 b4+ 51. Kc2 Ra1 52. Kb3 Rb1+ 53. Kc4 b3 54. Rxf5 Kxf5 55. d5 b2 56. Kc3 Rc1+ 57. Kxb2 Rc7 58. d6 Rd7 59. Rd5+ Ke6 60. Rxh5 Rxd6 61. Kc2 Rd8 62. Rh1 f5 63. Rd1 Rxd1 64. Kxd1 Kd5 65. Kd2 Kc4 66. Kc2 Kb4 67. Kb2 1/2-1/2

[Event "EU Union-ch 4th"]
[Site "Liverpool"]
[Date "2008.09.15"]
[Round "7"]
[White "Logothetis, Sotirios"]
[Black "Williamson, Roger G"]
[Result "1-0"]
[WhiteElo "2318"]
[BlackElo "2169"]
[PlyCount "46"]
[EventDate "2008.09.09"]
[EventType "swiss"]
[EventRounds "10"]
[EventCountry "ENG"]
[SourceTitle "CBM 126 Extra"]
[Source "ChessBase"]
[SourceDate "2008.11.05"]
[SourceVersion "1"]
[SourceVersionDate "2008.11.05"]
[SourceQuality "1"]

1. d4 d5 2. c4 e6 3. Nf3 c5 4. cxd5 exd5 5. Nc3 Nc6 6. Bf4 Nf6 7. e3 cxd4 8. Nxd4 Bb4 9. Bb5 Bd7 10. 0-0 0-0 11. Nc2 Bxc3 12. bxc3 Na5 13. Bxd7 Qxd7 14. Be5 Ne4 15. f3 Nc5 16. Bxg7 Kxg7 17. Qd4+ f6 18. Qxc5 b6 19. Qd4 Rac8 20. Rfd1 Rc4 21. Qxd5 Qxd5 22. Rxd5 Rxc3 23. Nd4 Rfc8 1-0

[Event "EU Union-ch 4th"]
[Site "Liverpool"]
[Date "2008.09.11"]
[Round "3"]
[White "Logothetis, Sotirios"]
[Black "Sulskis, Sarunas"]
[Result "1/2-1/2"]
[WhiteElo "2318"]
[BlackElo "2562"]
[PlyCount "92"]
[EventDate "2008.09.09"]
[EventType "swiss"]
[EventRounds "10"]
[EventCountry "ENG"]
[SourceTitle "CBM 126 Extra"]
[Source "ChessBase"]
[SourceDate "2008.11.05"]
[SourceVersion "1"]
[SourceVersionDate "2008.11.05"]
[SourceQuality "1"]

1. Nf3 Nf6 2. c4 c5 3. Nc3 b6 4. g3 Bb7 5. Bg2 e6 6. 0-0 Be7 7. d4 cxd4 8. Qxd4 0-0 9. Rd1 d6 10. Bg5 Nbd7 11. Nb5 d5 12. cxd5 Bxd5 13. Nc3 Bc6 14. Ne5 Nxe5 15. Qxe5 Nd7 16. Bxe7 Nxe5 17. Bxd8 Rfxd8 18. Rxd8+ Rxd8 19. Rd1 Rxd1+ 20. Nxd1 Bxg2 21. Kxg2 f5 22. f4 Nc6 23. Kf3 Kf7 24. e4 Kf6 25. Nc3 h6 26. e5+ Ke7 27. Ke3 g5 28. a3 Kd7 29. b4 Ne7 30. b5 Ng6 31. Kf3 h5 32. Na2 h4 33. Nb4 h3 34. Nd3 g4+ 35. Ke3 Kc7 36. Kd4 Kb7 37. Ke3 a6 38. a4 Ne7 39. Nb4 a5 40. Nd3 Nd5+ 41. Kf2 Nc3 42. Nb2 Ne4+ 43. Kg1 Nd2 44. Kh1 Kc8 45. Kg1 Nf3+ 46. Kh1 Kc7 1/2-1/2

[Event "EU-ch 9th"]
[Site "Plovdiv"]
[Date "2008.04.27"]
[Round "7"]
[White "Logothetis, Sotirios"]
[Black "Czebe, Attila"]
[Result "0-1"]
[WhiteElo "2291"]
[BlackElo "2513"]
[PlyCount "108"]
[EventDate "2008.04.21"]
[EventType "swiss"]
[EventRounds "11"]
[EventCountry "BUL"]
[SourceTitle "CBM 124"]
[Source "ChessBase"]
[SourceDate "2008.05.28"]
[SourceVersion "1"]
[SourceVersionDate "2008.05.28"]
[SourceQuality "1"]

1. Nf3 Nf6 2. c4 c5 3. Nc3 d5 4. cxd5 Nxd5 5. d4 Nxc3 6. bxc3 Bf5 7. e3 Qa5 8. Bd2 Nd7 9. Qb3 Qc7 10. Bc4 e6 11. 0-0 Bd6 12. Rfe1 Bg4 13. h3 Bxf3 14. gxf3 0-0 15. f4 Nb6 16. Bf1 Rfd8 17. Red1 Qe7 18. Be1 Rac8 19. c4 cxd4 20. Rxd4 e5 21. fxe5 Qxe5 22. f4 Qe7 23. Rad1 Bc5 24. Rxd8+ Rxd8 25. Rxd8+ Qxd8 26. Bf2 h6 27. Qd3 Qxd3 28. Bxd3 g5 29. Kg2 Na4 30. fxg5 hxg5 31. e4 Bxf2 32. Kxf2 Nc5 33. Ke3 f6 34. Be2 Kf7 35. Bg4 Ke7 36. Kd4 Kd6 37. Bc8 b6 38. Bg4 a6 39. Bc8 a5 40. Bg4 Na6 41. a3 Nc5 42. Bf5 Nb7 43. Bg4 a4 44. Bd1 Nc5 45. Bg4 Nb3+ 46. Kc3 Kc5 47. Bd7 Na5 48. Bxa4 Nxc4 49. Bb3 Nxa3 50. Kd3 Kd6 51. Ke3 Ke5 52. Kf3 Nb5 53. Bd5 Nd4+ 54. Kg4 b5 0-1

[Event "EU-ch 9th"]
[Site "Plovdiv"]
[Date "2008.04.24"]
[Round "4"]
[White "Zherebukh, Yaroslav"]
[Black "Logothetis, Sotirios"]
[Result "1/2-1/2"]
[WhiteElo "2446"]
[BlackElo "2291"]
[PlyCount "113"]
[EventDate "2008.04.21"]
[EventType "swiss"]
[EventRounds "11"]
[EventCountry "BUL"]
[SourceTitle "CBM 124"]
[Source "ChessBase"]
[SourceDate "2008.05.28"]
[SourceVersion "1"]
[SourceVersionDate "2008.05.28"]
[SourceQuality "1"]

1. e4 c5 2. Nf3 Nc6 3. d4 cxd4 4. Nxd4 Nf6 5. Nc3 d6 6. f3 e5 7. Nb3 Be7 8. Be3 Be6 9. Qd2 d5 10. exd5 Nxd5 11. Nxd5 Qxd5 12. Qxd5 Bxd5 13. 0-0-0 0-0-0 14. Bd3 Kc7 15. c3 b6 16. Kc2 h5 17. Be4 Bxe4+ 18. fxe4 Rxd1 19. Rxd1 g6 20. Rf1 Rf8 21. Bh6 Rh8 22. Bg7 Rh7 23. Bf6 Kd7 24. Nd2 Ke6 25. Bxe7 Nxe7 26. Rd1 Nc8 27. Nc4 b5 28. Rd8 bxc4 29. Rxc8 f5 30. Rc6+ Kd7 31. Rxc4 fxe4 32. Rxe4 Rf7 33. Kd3 Ke6 34. Ke2 Kf5 35. Rc4 Rd7 36. Rc8 h4 37. c4 Rd4 38. c5 Ke6 39. a3 a5 40. c6 Rg4 41. Rd8 Rc4 42. Rg8 Kf7 43. Rc8 Ke7 44. Kd3 Rg4 45. b3 Kd6 46. h3 Rxg2 47. Kc4 Rg3 48. b4 Rxa3 49. Kb5 axb4 50. Rd8+ Kc7 51. Rd7+ Kc8 52. Kb6 Rc3 53. Re7 Kd8 54. Rxe5 b3 55. Rb5 b2 56. Rxb2 Kc8 57. Rf2 1/2-1/2